Animal Puns Quiz Stats

 Plays Quiz Updated Apr 8, 2015

Challenge
Share
Tweet
Score 0/28 Timer 05:00
0 Plays Today
% Correct
Bee
97.6%
Deer
96.1%
Owlet
94.5%
Hare
94.2%
Toad
93.3%
Horse
92.3%
Seal
91.5%
Whale
90.5%
Toucan
90.4%
Cat
89.8%
Lion
89.5%
Moose
87.3%
Bear
87.3%
Koala
86.3%
% Correct
Elephant
85.7%
Python
84.6%
Boar
83.9%
Goat
83.5%
Emu
81.5%
Alpaca
78.3%
Manatee
78.2%
Otter
78.1%
Ass
77.9%
Otter
76.8%
Kid
74.4%
Ewe
73.2%
Otter
69.2%
Porpoise
56%

You're not logged in!

Compare scores with friends on all Sporcle quizzes.
OR
Log In

You Might Also Like...

Show Comments

Extras

Top Quizzes Today


Score Distribution

Your Account Isn't Verified!

In order to create a playlist on Sporcle, you need to verify the email address you used during registration. Go to your Sporcle Settings to finish the process.

Report this User

Report this user for behavior that violates our Community Guidelines.

Details: